Vývoj izrealsko - palestínskeho konfliktu po skončení studenej vojny diplomová práca

Saved in:
Bibliographic Details
Main Author: Majerčíková, Ľudmila
Corporate Author: Fakulta medzinárodných vzťahov EU. Katedra medzinárodných politických vzťahov
Other Authors: Škvrnda, František
Format: Book
Language:Slovak
Published: Bratislava 2008
Tags: Add Tag
No Tags, Be the first to tag this record!

MARC

LEADER 00000nam$a2200000$$$4500
001 0076002
005 20240201120809.8
041 0 |a slo 
044 |a SK 
245 1 0 |a Vývoj izrealsko - palestínskeho konfliktu po skončení studenej vojny  |b diplomová práca  |c Ľudmila Majerčíková ; škol. František Škvrnda 
264 1 |a Bratislava  |c 2008 
300 |a 79 s. 
100 1 |a Majerčíková, Ľudmila 
700 1 |a Škvrnda, František 
710 2 |a Fakulta medzinárodných vzťahov EU. Katedra medzinárodných politických vzťahov